00851nam a2200277Ia 45000010006000000050017000060070003000230080041000260200018000670400025000850410008001100820018001181000019001362450094001552500014002492600037002633000031003006530014003316530016003456530012003616530024003736530019003979420012004169520128004289990017005562215920240114000628.0ta060316s1987 a g b000 u 465 u a81-219-0242-8 aCotton college,Assam a465 a332.1bM 68 M aMishra, M.N. . 0aMoney, Banking, International Trade and Public Finance /cM.N. Mishra.hTextual Documents a2nd ed. / aDelhi :bS. Chand & Co. ,c1987. avii,730p. :bill ;c22cm . aEconomics aG-Economics aBanking aInternational Trade aPublic Finance 2ddccBK 001040708corculation(G)aSKBLbSKBLd2012-02-01f00000l0o332.1 M 68 Mp040/Ecor2024-01-14 00:00:00t1w2012-02-01yBK c22141d22141